[Event "11th A.Margaryan Memorial 2021"]
[Site "Yerevan"]
[Date "2021.01.17"]
[Round "9.4"]
[White "Mikaelyan, Arman"]
[Black "Makaryan, Rudik"]
[Result "1-0"]
[WhiteElo "2485"]
[BlackElo "2461"]
[Annotator "TA"]
[PlyCount "53"]
[EventDate "2021.01.09"]
[EventType "tourn"]
[EventCountry "ARM"]
[SourceTitle "playchess.com"]
[Source "ChessBase"]
[SourceQuality "1"]

{[%evp 10,53,5,0,27,25,43,40,40,23,40,50,35,29,43,22,33,-28,0,-42,-53,-87,-109,-110,104,128,203,214,412,409,578,559,757,749,752,748,752,745,710,604,680,664,954,950,1476,1384]} 1. d4 Nf6 2. c4 e6 3. Nc3 Bb4 4. Qc2 d5 5. a3 Bxc3+ 6. Qxc3 c5 {E36: Nimzo-Indian: Classical: 4...d5 5 a3.} 7. dxc5 d4 8. Qg3 {8.Qg3 scores better than 8.Qc2.} Nc6 {White is slightly better.} 9. Nf3 e5 10. b4 {10.e4 is not played anymore.} e4 11. Nd2 (11. Qxg7 $2 Rg8 $19) 11... O-O 12. Bb2 Re8 {[#]} 13. O-O-O $146 (13. e3 $14) ({Predecessor:} 13. e3 a5 14. b5 Ne5 15. h4 dxe3 16. fxe3 Nh5 17. Qf2 Ng4 18. Qg1 Ng3 19. Bd4 Nxh1 20. Qxh1 {0-1 (35) Xi,Q (2134)-Bacrot,E (2710) Jiangmen 2018}) 13... b6 {Black wants to play ...bxc5.} 14. Qd6 Bd7 {And now ...Re6 would win.} 15. Nb3 (15. Bxd4 $2 Nxd4 16. Qxd4 Ba4 $19) 15... Re6 16. Qf4 {[#] aiming for g3.} bxc5 $2 (16... e3 $1 $17) 17. Nxc5 $16 Qb6 (17... Rc8 $16 18. e3 (18. Nxe6 Bxe6 19. e3 d3 $16) (18. Bxd4 Nxd4 19. Rxd4 Rxc5 $16) 18... d3) 18. e3 ({And not} 18. Bxd4 Nxd4 19. Rxd4 Rc6 $11) 18... Nxb4 $2 (18... a5) 19. axb4 $18 ({Not} 19. Nxe6 Na2+ 20. Kb1 Nc3+ 21. Kc1 Na2+ 22. Kb1 Nc3+ 23. Kc1 Nxd1 $11) 19... Qxb4 (19... d3 $142 20. Nxe6 Qxe6 21. Bxd3 exd3 22. Rxd3 Ne8) 20. Nxe6 {White is clearly winning.} d3 21. Bxd3 exd3 22. Nc7 Rb8 23. Nb5 Rc8 24. Na3 Be6 25. Rxd3 {[%cal Bd1d3,Bd3c3,Bc3c4][%mdl 32]} Bxc4 26. Rc3 Nd5 27. Rxc4 {Weighted Error Value: White=0.23/Black=0.60} 1-0

[Event "11th A.Margaryan Memorial 2021"]
[Site "Yerevan"]
[Date "2021.01.17"]
[Round "9.5"]
[White "Gharibyan, Mamikon"]
[Black "Lobanov, Sergei"]
[Result "1/2-1/2"]
[WhiteElo "2432"]
[BlackElo "2510"]
[Annotator "TA"]
[PlyCount "79"]
[EventDate "2021.01.09"]
[EventType "tourn"]
[EventCountry "ARM"]
[SourceTitle "playchess.com"]
[Source "ChessBase"]
[SourceQuality "1"]

{[%evp 11,79,18,29,5,10,11,18,5,33,9,86,31,45,41,64,64,68,58,64,21,25,13,15,-36,-25,-32,0,-14,11,0,25,36,54,0,39,30,17,0,0,0,0,0,0,0,0,0,0,0,8,8,8,12,20,14,10,3,8,8,8,7,8,8,12,4,8,0,0,0,0,-875]} 1. Nf3 d5 2. d4 Nf6 3. c4 e6 4. Bg5 Nbd7 5. Nc3 h6 6. Bh4 Bb4 7. Rc1 {D51: Queen's Gambit Declined: 4 Bg5 Nbd7 sidelines.} g5 8. Bg3 Ne4 {[#]} 9. Nd2 $146 ({Predecessor:} 9. cxd5 exd5 10. Qb3 Bxc3+ 11. bxc3 c6 12. Ne5 h5 13. Nxd7 Qxd7 14. f3 Nxg3 15. hxg3 {1-0 (57) Pivonka,M (1612)-Kalvach,L (1924) Ricany 2014}) 9... Nxg3 (9... Nxd2 {keeps more tension.} 10. Kxd2 c5 11. Kc2 Bxc3 12. bxc3 dxc4 13. h4 Qa5) 10. hxg3 c5 (10... dxc4 $11 11. Qa4 Be7) 11. e3 (11. cxd5 $16 Bxc3 12. bxc3 (12. Rxc3 cxd4 13. Rc1 Nb6 $16)) 11... cxd4 $14 12. exd4 dxc4 13. Nxc4 Kf8 14. Be2 b5 15. Nd2 (15. Ne3 {is interesting.} Nf6 16. Bxb5 Bb7 17. Kf1 Rc8 18. Be2) 15... a6 16. Bf3 Rb8 17. g4 ({White should try} 17. Qe2 $11) 17... Nf6 $15 18. Nb3 Bd6 19. Nc5 a5 20. g3 Bxc5 21. dxc5 Qxd1+ 22. Rxd1 (22. Nxd1 $14 Ba6 23. c6) 22... Ke7 (22... b4 $5 {[%cal Rb4c3]} 23. Na4 (23. Rd8+ Kg7 $11) 23... e5 $14) 23. c6 b4 24. Ne4 {The position is equal.} Nxe4 25. Bxe4 Rb5 26. f4 Rc5 27. Kf2 f5 28. gxf5 exf5 29. Rd5 Rxc6 30. Bxf5 gxf4 31. gxf4 Rf6 32. Bxc8 Rxc8 33. Rxa5 {White wants to play Kf3.} Rxf4+ $11 {[%mdl 4096] Endgame KRR-KRR} 34. Ke3 Rf6 35. Ra7+ Kf8 36. Rb7 Ra8 37. Rxb4 {Threatening a4.} Rxa2 38. Rb7 Raa6 39. Kd4 Rab6 40. Ke4 $2 {[%mdl 40960] Weighted Error Value: White=0.13/Black=0.10. An unexpected result.} 1/2-1/2